000 00448nam a2200181Ia 4500
003 LK-CoDNM
008 010623t2008 xxu||||| |||| 00| 1 sin d
040 _aLK-CoDNM
_dLK-CoDNM
_eLK-CoDNM
041 _asin
080 _a159.9 HEW
100 _aHewit,William.W.
245 _aඉලක්කය
246 _aIlakkaya
260 _bSiko Lanka Creations
_aColombo
_c2008
300 _b240p., 21 cm
700 _aSenevirathna,Jo.
942 _cBK
999 _c127545
_d127545